DTZ Foresight UK fair value Q1 2012 (Record no. 84071)
[ view plain ]
| 000 -LEADER | |
|---|---|
| fixed length control field | 01210cab a22002055a 4500 |
| 001 - CONTROL NUMBER | |
| control field | L156546 |
| 008 - FIXED-LENGTH DATA ELEMENTS--GENERAL INFORMATION | |
| fixed length control field | 120606e2012 xxk 000 0 eng d |
| 035 ## - SYSTEM CONTROL NUMBER | |
| System control number | (Sirsi) u156546 |
| 041 0# - LANGUAGE CODE | |
| Language code of text/sound track or separate title | eng |
| 110 2# - MAIN ENTRY--CORPORATE NAME | |
| Corporate name or jurisdiction name as entry element | DTZ |
| 245 00 - TITLE STATEMENT | |
| Title | DTZ Foresight UK fair value Q1 2012 |
| Medium | [electronic resource] |
| 260 ## - PUBLICATION, DISTRIBUTION, ETC. | |
| Place of publication, distribution, etc. | London |
| Name of publisher, distributor, etc. | DTZ |
| Date of publication, distribution, etc. | 2012 |
| 490 #0 - SERIES STATEMENT | |
| Series statement | DTZ Foresight UK Fair Value |
| Volume/sequential designation | Q2 2012 29 May 2012 |
| 520 ## - SUMMARY, ETC. | |
| Summary, etc. | The DTZ Fair Value Index score for the UK rose to 65 from 53 in Q4 2011 indicating that the market continues to become better value. Prime property is providing investors with an attractive proposition in difficult economic conditions and pricing is at its most attractive since mid-2009. The improved score is driven by a persistent reduction in bond yields and a yield increase in several UK property markets. Regional yields have shifted out but London yields have held firm. However the forecasts for London yields are now expected to remain low for longer. |
| 590 ## - LOCAL NOTE (RLIN) | |
| Local note | NTK KA |
| 651 #4 - SUBJECT ADDED ENTRY--GEOGRAPHIC NAME | |
| Geographic name | United Kingdom |
| 690 ## - LOCAL SUBJECT ADDED ENTRY--TOPICAL TERM (OCLC, RLIN) | |
| Topical term or geographic name as entry element | Commercial property |
| 9 (RLIN) | 6227 |
| 856 40 - ELECTRONIC LOCATION AND ACCESS | |
| Uniform Resource Identifier | <a href="https://www.dtz.com/Global/Research/DTZ+Foresight+UK+Fair+Value+Q1+2012">https://www.dtz.com/Global/Research/DTZ+Foresight+UK+Fair+Value+Q1+2012</a> |
| Public note | View the report after free registration at www.dtz.com |
| 942 ## - ADDED ENTRY ELEMENTS (KOHA) | |
| Suppress in OPAC | 0 |
| Withdrawn status | Lost status | Source of classification or shelving scheme | Damaged status | Not for loan | Home library | Current library | Shelving location | Date acquired | Total Checkouts | Full call number | Barcode | Date last seen | Copy number | Price effective from | Koha item type |
|---|---|---|---|---|---|---|---|---|---|---|---|---|---|---|---|
| Dewey Decimal Classification | Virtual | Virtual | Online | 05/06/2012 | ONLINE PUBLICATION | 156546-2001 | 06/08/2019 | 1 | 06/08/2019 | Book |